ՀՀ Գիտությունների ազգային ակադեմիայի հիմնարար գիտական գրադարան  =   Fundamental Scientific Library of NAS RA

Լենինը յեվ գյուղացիությունը / (Record no. 169429)

MARC details
000 -LEADER
fixed length control field 00769nam a2200205 a 4500
001 - CONTROL NUMBER
control field 000464654
003 - CONTROL NUMBER IDENTIFIER
control field AM-YeHGA
005 - DATE AND TIME OF LATEST TRANSACTION
control field 20250618072523.0
008 - FIXED-LENGTH DATA ELEMENTS--GENERAL INFORMATION
fixed length control field 051118s1924 ai r 000 0 arm d
040 ## - CATALOGING SOURCE
Original cataloging agency AM-YeHGA
041 1# - LANGUAGE CODE
Language code of text/sound track or separate title arm
090 ## - LOCALLY ASSIGNED LC-TYPE CALL NUMBER (OCLC); LOCAL CALL NUMBER (RLIN)
-- 170862
100 1# - MAIN ENTRY--PERSONAL NAME
Personal name Քվիրինգ, Ե.
245 10 - TITLE STATEMENT
Title Լենինը յեվ գյուղացիությունը /
Statement of responsibility, etc. Ե. Քվիրինգ; Թարգմ.՝ Հովհ. Հովհաննիսյան.
260 ## - PUBLICATION, DISTRIBUTION, ETC.
Place of publication, distribution, etc. Յերևան :
Name of publisher, distributor, etc. Ա. հ.,
Date of publication, distribution, etc. 1924.
300 ## - PHYSICAL DESCRIPTION
Extent 26 էջ.
440 #0 - SERIES STATEMENT/ADDED ENTRY--TITLE
Title ՀԿԿԿԿ ագիտ բաժնի սերիա
Volume/sequential designation 20
653 0# - INDEX TERM--UNCONTROLLED
Uncontrolled term Գյուղացիության դերը հեղափոխության ժամանակ
700 1# - ADDED ENTRY--PERSONAL NAME
Personal name Հովհաննիսյան, Հովհաննես Մկրտչի,
Dates associated with a name 1864-1929
Relator term թարգմ.
Relationship trl
9 (RLIN) 3945
Holdings
Withdrawn status Lost status Damaged status Not for loan Collection Home library Current library Date acquired Cost, normal purchase price Total checkouts Full call number Barcode Date last seen Price effective from Koha item type Public note
        General Fundamental Scientific Library Fundamental Scientific Library 28/12/2016 10.00   AII/16561 FL0010066 28/12/2016 28/12/2016 Գրքեր / Books 30 Days Loan
        General Fundamental Scientific Library Fundamental Scientific Library 28/12/2016     AII/38773 220038773 28/12/2016 28/12/2016 Գրքեր / Books 30 Days Loan
        General Fundamental Scientific Library Fundamental Scientific Library 28/12/2016     AII/38774 220038774 28/12/2016 28/12/2016 Գրքեր / Books 30 Days Loan


ՀՀ ԳԱԱ հիմնարար գիտական գրադարան
ՀՀ,Երևան 0019
Մարշալ Բաղրամյան 24/6
հեռախոս:(374-10) 52-47-50
Հետադարձ կապ

All site content, except where otherwise noted, is licensed under a
Creative Commons License